Ukraine by Picture - Statistics

General Stats
  • This quiz has been taken 111 times
  • The average score is 7 of 15
Answer Stats
Picture Hint Answer % Correct
(beetroot soup) Borscht
77%
Sunflowers
69%
(performer) Verka Serduchka
53%
(Ukrainian money) Hryvnia
52%
(symbol) Tryzub
52%
(dumplings) Vareniki
52%
(folk dance) Hopak
48%
Saint {Sophia}'s Cathedral
47%
(embroidered shirt) Vyshyvanka
44%
(highest mountain) Mount {Hoverla}
42%
(Easter eggs) Pysanka
40%
(head wreath) Vinok
39%
(trousers) Sharovary
36%
Monument of {Independence}
29%
(prince of Kiev) Vladimir the Great
16%
No matching quizzes found
Score Distribution
Percent of People with Each Score
Percentile by Number Answered
Your Score History
You have not taken this quiz